English Premier League Top Goalscorers (2024-2025 Season) - Statistics

General Stats
  • This quiz has been taken 63 times
  • The average score is 16 of 20
Answer Stats
Team No. Goals Player(s) % Correct
Liverpool 29 Mohamed Salah
98%
Newcastle United 23 Alexander Isak
95%
Manchester City 22 Erling Haaland
95%
Leicester City 9 Jamie Vardy
95%
Chelsea 15 Cole Palmer
93%
Manchester United 8 Amad Diallo & Bruno Fernandes
91%
Arsenal 9 Kai Havertz
88%
Aston Villa 16 Ollie Watkins
88%
Brighton & Hove Albion 10 Kaoru Mitoma, João Pedro & Danny Welbeck
84%
Nottingham Forest 20 Chris Wood
82%
Crystal Palace 14 Jean-Philippe Mateta
82%
Brentford 20 Bryan Mbeumo
80%
West Ham 13 Jarrod Bowen
80%
Ipswich Town 12 Liam Delap
79%
Wolverhampton Wanderers 15 Matheus Cunha
77%
Tottenham Hotspur 11 Brennan Johnson
75%
Fulham 12 Raul Jiménez
64%
Bournemouth 12 Justin Kluivert
63%
Everton 9 Iliman Ndiaye
52%
Southampton 4 Paul Onuachu
23%
No matching quizzes found
Score Distribution
Percent of People with Each Score
Percentile by Number Answered
Your Score History
You have not taken this quiz